000 00748nam a22002417a 4500
001 BR8205408
003 BR-BrBNA
005 20230928091442.0
007 ta
008 230509b bl.||||| |||| 00| 0 por d
040 _aBR-BrBNA
_bpor
_cBiblioteca Nacional de Agricultura
041 _a(Por)
072 _aN20
_b4500
090 _ 4500 BR8205408
110 1 _aEmpresa Brasileira de Assistencia Tecnica e Extensao Rural, Brasilia, DF
_93797
245 1 _aCatalogo de fabricantes. Maquinas e implementos agricolas tracao: manual, animal e pequenos motores
260 3 _aBrasilia, DF (Brasil):
_c1982.
300 _a30 p.
650 _aEQUIPAMENTO RURAL
650 _aMAQUINA AGRICOLA
909 _a202309
_bLucia
_c55
_dLucia Elande
942 _cBK
999 _c33921
_d33921